[Event "ARG-chT Magistral"]
[Site "Buenos Aires"]
[Date "2005.06.14"]
[Round "7"]
[White "Bianchi, Guillermo"]
[Black "Grushka, Carlos"]
[Result "0-1"]
[WhiteElo "2425"]
[BlackElo "2235"]
[PlyCount "68"]
[EventDate "2005.05.24"]
[EventType "team"]
[EventRounds "7"]
[EventCountry "ARG"]
[SourceTitle "CBM 106 Extra"]
[Source "ChessBase"]
[SourceDate "2005.07.01"]
[SourceVersion "1"]
[SourceVersionDate "2005.07.01"]
[SourceQuality "1"]

1. e4 e6 2. Nf3 d5 3. Nc3 Nf6 4. e5 Nfd7 5. d4 c5 6. dxc5 Nc6 7. Bf4 Bxc5 8. Bd3 f6 9. exf6 Nxf6 10. 0-0 0-0 11. Bg3 Nh5 12. Qd2 Nxg3 13. hxg3 Qf6 14. Rae1 Bb4 15. a3 Bxc3 16. bxc3 a6 17. c4 Rd8 18. Qe3 h6 19. Qb6 Kh8 20. Re3 d4 21. Re4 e5 22. Rfe1 Rf8 23. g4 Rf7 24. c3 dxc3 25. Nxe5 Nxe5 26. Rxe5 Bxg4 27. Re8+ Rf8 28. Rxa8 Rxa8 29. Qxb7 Rf8 30. f3 Qd4+ 31. Kh2 Qxd3 32. fxg4 Qxc4 33. Re4 Qc5 34. g5 c2 0-1

[Event "ARG-chT Magistral"]
[Site "Buenos Aires"]
[Date "2005.06.09"]
[Round "6"]
[White "Julia, Ernesto"]
[Black "Bianchi, Guillermo"]
[Result "1/2-1/2"]
[WhiteElo "2370"]
[BlackElo "2425"]
[PlyCount "32"]
[EventDate "2005.05.24"]
[EventType "team"]
[EventRounds "7"]
[EventCountry "ARG"]
[SourceTitle "CBM 106 Extra"]
[Source "ChessBase"]
[SourceDate "2005.07.01"]
[SourceVersion "1"]
[SourceVersionDate "2005.07.01"]
[SourceQuality "1"]

1. d4 f5 2. c4 e6 3. g3 Nf6 4. Bg2 Be7 5. Nf3 d6 6. 0-0 0-0 7. Nc3 Qe8 8. b3 Qh5 9. Bb2 g5 10. e3 Nbd7 11. Ne1 Qh6 12. Nd3 c6 13. e4 e5 14. dxe5 Ng4 15. h3 Ngxe5 16. f4 Nxd3 1/2-1/2

[Event "ARG-chT Magistral"]
[Site "Buenos Aires"]
[Date "2005.06.07"]
[Round "5"]
[White "Bianchi, Guillermo"]
[Black "Rodriguez, Jorge Luis"]
[Result "1/2-1/2"]
[WhiteElo "2425"]
[BlackElo "2411"]
[PlyCount "81"]
[EventDate "2005.05.24"]
[EventType "team"]
[EventRounds "7"]
[EventCountry "ARG"]
[SourceTitle "CBM 106 Extra"]
[Source "ChessBase"]
[SourceDate "2005.07.01"]
[SourceVersion "1"]
[SourceVersionDate "2005.07.01"]
[SourceQuality "1"]

1. e4 d5 2. exd5 Nf6 3. c4 c6 4. Nc3 cxd5 5. cxd5 Nxd5 6. Bc4 e6 7. Nf3 Be7 8. 0-0 Nc6 9. d4 0-0 10. a3 Nxc3 11. bxc3 b6 12. Qe2 Bb7 13. Bd3 Rc8 14. Bb2 Qd5 15. Rfd1 Na5 16. a4 Rfd8 17. Ba3 Bxa3 18. Rxa3 g6 19. Ba6 Bxa6 20. Qxa6 Rc7 21. h3 Nc4 22. Raa1 Qa5 23. Qxa5 Nxa5 24. Ra3 Nc4 25. Rb3 Rd5 26. Kf1 Ra5 27. Ra1 e5 28. dxe5 Rxe5 29. Nxe5 Nd2+ 30. Kg1 Nxb3 31. Ra3 Na5 32. f4 f6 33. Ng4 Kf7 34. Kf2 Nc4 35. Rb3 Nd2 36. Rb4 f5 37. Ne5+ Ke6 38. c4 Ne4+ 39. Ke3 Nc5 40. a5 bxa5 41. Rb5 1/2-1/2

[Event "Santiago zt"]
[Site "Santiago de Chile"]
[Date "1995.??.??"]
[Round "2"]
[White "Bianchi, Guillermo"]
[Black "Bauza, Alejandro"]
[Result "1-0"]
[WhiteElo "2425"]
[BlackElo "2265"]
[PlyCount "43"]
[EventDate "1995.??.??"]
[EventType "tourn"]
[EventRounds "13"]
[EventCountry "CHI"]
[EventCategory "6"]
[SourceTitle "CBM 047 Extra"]
[Source "ChessBase"]
[SourceDate "1995.09.01"]
[SourceVersion "1"]
[SourceVersionDate "1995.09.01"]
[SourceQuality "1"]

1. e4 c6 2. d4 d5 3. e5 Bf5 4. Nc3 e6 5. g4 Bg6 6. Nge2 c5 7. h4 cxd4 8. Nxd4 h5 9. Bb5+ Nd7 10. f4 hxg4 11. f5 Rxh4 12. Rf1 Rh2 13. Bxd7+ Kxd7 14. Qxg4 exf5 15. Nxf5 Bxf5 16. Qxf5+ Kc6 17. Bg5 Be7 18. Bxe7 Qxe7 19. 0-0-0 Nh6 20. Qd3 Qc5 21. Qg3 Rh5 22. Rxd5 1-0

[Event "Santiago zt"]
[Site "Santiago de Chile"]
[Date "1995.??.??"]
[Round "9"]
[White "Bianchi, Guillermo"]
[Black "Izquierdo, Daniel"]
[Result "1/2-1/2"]
[WhiteElo "2425"]
[BlackElo "2320"]
[PlyCount "63"]
[EventDate "1995.??.??"]
[EventType "tourn"]
[EventRounds "13"]
[EventCountry "CHI"]
[EventCategory "6"]
[SourceTitle "CBM 047 Extra"]
[Source "ChessBase"]
[SourceDate "1995.09.01"]
[SourceVersion "1"]
[SourceVersionDate "1995.09.01"]
[SourceQuality "1"]

1. e4 c6 2. c4 d5 3. exd5 cxd5 4. cxd5 Nf6 5. Bb5+ Bd7 6. Bc4 g6 7. Nc3 Bg7 8. Qb3 Qb6 9. Qxb6 axb6 10. Nge2 0-0 11. 0-0 Na6 12. d3 Nb4 13. Rd1 b5 14. Nxb5 Nfxd5 15. Nbc3 Be6 16. Bg5 Nxc3 17. Nxc3 Bxc4 18. dxc4 Bxc3 19. bxc3 Nxa2 20. Bxe7 Rfc8 21. g3 Rxc4 22. Bf6 Rca4 23. Rab1 R4a6 24. Be5 Re6 25. Rd5 Rae8 26. Bd4 Rc6 27. Rxb7 Nxc3 28. Re5 Rxe5 29. Bxe5 f6 30. Rb8+ Kg7 31. Rb7+ Kh6 32. Bxc3 1/2-1/2

[Event "Buenos Aires Clarin op"]
[Site "Buenos Aires"]
[Date "1995.??.??"]
[Round "8"]
[White "Bianchi, Guillermo"]
[Black "Juarez, Alberto"]
[Result "1/2-1/2"]
[WhiteElo "2425"]
[BlackElo "2295"]
[PlyCount "89"]
[EventDate "1995.05.??"]
[EventType "swiss"]
[EventRounds "9"]
[EventCountry "ARG"]
[SourceTitle "CBM 046 Extra"]
[Source "ChessBase"]
[SourceDate "1995.07.01"]
[SourceVersion "1"]
[SourceVersionDate "1995.07.01"]
[SourceQuality "1"]

1. f4 c5 2. Nf3 Nc6 3. d3 g6 4. e3 Bg7 5. Be2 e6 6. 0-0 Nge7 7. c3 d6 8. Qe1 b6 9. a4 Bb7 10. Na3 Qd7 11. Bd2 Ba6 12. b4 Bb7 13. Rb1 0-0 14. d4 cxb4 15. cxb4 Nd5 16. Bc4 Nce7 17. e4 Nf6 18. e5 Ne4 19. Bb5 Qd8 20. Bc1 d5 21. Bd3 Qd7 22. g4 Rfc8 23. b5 a6 24. Rb3 axb5 25. axb5 Rc7 26. Bb2 Bh6 27. Nd2 Nxd2 28. Qxd2 Bc8 29. Bb1 Qe8 30. Qg2 Kh8 31. Rff3 Ng8 32. Qf1 Bg7 33. Nc2 Raa7 34. Ne3 f5 35. exf6 Nxf6 36. Qe2 Rf7 37. h3 Ne4 38. Ng2 Nd6 39. Bd3 Bd7 40. Rb4 Qf8 41. Bc3 Qa8 42. Rf2 Qf8 43. Kh2 Qc8 44. Qb2 Rc7 45. Rc2 1/2-1/2

[Event "Santiago zt"]
[Site "Santiago de Chile"]
[Date "1995.??.??"]
[Round "13"]
[White "Bianchi, Guillermo"]
[Black "Morovic Fernandez, Ivan"]
[Result "1/2-1/2"]
[WhiteElo "2425"]
[BlackElo "2575"]
[PlyCount "48"]
[EventDate "1995.??.??"]
[EventType "tourn"]
[EventRounds "13"]
[EventCountry "CHI"]
[EventCategory "6"]
[SourceTitle "CBM 047 Extra"]
[Source "ChessBase"]
[SourceDate "1995.09.01"]
[SourceVersion "1"]
[SourceVersionDate "1995.09.01"]
[SourceQuality "1"]

1. e4 c6 2. d4 d5 3. e5 Bf5 4. Nc3 e6 5. g4 Bg6 6. Nge2 Ne7 7. Nf4 c5 8. h4 cxd4 9. Nb5 Nec6 10. h5 Be4 11. f3 Bxf3 12. Qxf3 Nxe5 13. Qe2 Nbc6 14. c3 dxc3 15. bxc3 Bc5 16. Nd3 Nxd3+ 17. Qxd3 0-0 18. h6 g6 19. Be2 e5 20. Ba3 e4 21. Qd2 b6 22. Nd4 Nxd4 23. Bxc5 Nf3+ 24. Bxf3 bxc5 1/2-1/2

[Event "Santiago zt"]
[Site "Santiago de Chile"]
[Date "1995.??.??"]
[Round "7"]
[White "Bianchi, Guillermo"]
[Black "Quiroga, Facundo"]
[Result "1-0"]
[WhiteElo "2425"]
[BlackElo "2440"]
[PlyCount "133"]
[EventDate "1995.??.??"]
[EventType "tourn"]
[EventRounds "13"]
[EventCountry "CHI"]
[EventCategory "6"]
[SourceTitle "CBM 047 Extra"]
[Source "ChessBase"]
[SourceDate "1995.09.01"]
[SourceVersion "1"]
[SourceVersionDate "1995.09.01"]
[SourceQuality "1"]

1. e4 c5 2. Nf3 d6 3. c3 Nf6 4. Bc4 e6 5. Qe2 Be7 6. 0-0 0-0 7. Bb3 b6 8. Rd1 Ba6 9. Qe3 Ng4 10. Qf4 Ne5 11. d4 Nd3 12. Qe3 Nxc1 13. Rxc1 Nd7 14. Nbd2 Qc7 15. Nf1 c4 16. Bc2 e5 17. b4 cxb3 18. axb3 Bb7 19. Bd3 a6 20. Qe2 b5 21. Ne3 Rfc8 22. Rc2 Bf8 23. d5 Nc5 24. Nd2 g6 25. b4 Nxd3 26. Qxd3 Bh6 27. Nb3 Qb6 28. Nd1 Rc7 29. h3 Bc8 30. Kh2 f5 31. f3 Bg5 32. Na5 h5 33. Raa2 f4 34. Qd2 Bh4 35. c4 Bg3+ 36. Kh1 bxc4 37. Nc6 Rh7 38. Rxc4 g5 39. Qc1 Bd7 40. Nc3 g4 41. Qg1 Qxg1+ 42. Kxg1 gxf3 43. gxf3 Bxh3 44. b5 Rg7 45. b6 Be1+ 46. Kh2 Bf1 47. Rb4 Bxc3 48. b7 Rf8 49. b8Q Rxb8 50. Rxb8+ Kh7 51. Rf2 Bb5 52. Rg2 Rc7 53. Nd8 Be1 54. Rb7 Bg3+ 55. Kg1 Rxb7 56. Nxb7 Ba4 57. Ra2 Bd1 58. Kg2 h4 59. Ra3 Kg6 60. Nxd6 Be2 61. Nf5 Kf6 62. Ra1 Bb5 63. Rc1 Bd7 64. Rc7 Bxf5 65. Rc6+ Kg5 66. exf5 Kxf5 67. Rxa6 1-0

[Event "Santiago zt"]
[Site "Santiago de Chile"]
[Date "1995.??.??"]
[Round "12"]
[White "Navarro, Nelson"]
[Black "Bianchi, Guillermo"]
[Result "1/2-1/2"]
[WhiteElo "2270"]
[BlackElo "2425"]
[PlyCount "30"]
[EventDate "1995.??.??"]
[EventType "tourn"]
[EventRounds "13"]
[EventCountry "CHI"]
[EventCategory "6"]
[SourceTitle "CBM 047 Extra"]
[Source "ChessBase"]
[SourceDate "1995.09.01"]
[SourceVersion "1"]
[SourceVersionDate "1995.09.01"]
[SourceQuality "1"]

1. d4 f5 2. g3 e6 3. Bg2 Nf6 4. Nf3 Be7 5. c4 d6 6. 0-0 0-0 7. Nc3 Qe8 8. b3 Qh5 9. Ba3 g5 10. c5 d5 11. Nb5 Ne8 12. Ne5 Nc6 13. e3 g4 14. h3 Qg5 15. hxg4 Nxe5 1/2-1/2

[Event "Mar del Plata op"]
[Site "Mar del Plata"]
[Date "1992.??.??"]
[Round "4"]
[White "Bianchi, Guillermo"]
[Black "Spangenberg, Hugo"]
[Result "0-1"]
[WhiteElo "2430"]
[BlackElo "2305"]
[PlyCount "56"]
[EventDate "1992.??.??"]
[EventType "swiss"]
[EventRounds "9"]
[EventCountry "ARG"]
[SourceTitle "EXT 1998"]
[Source "ChessBase"]
[SourceDate "1997.11.17"]
[SourceVersion "1"]
[SourceVersionDate "1997.11.17"]
[SourceQuality "1"]

1. e4 c5 2. Nf3 g6 3. c3 Bg7 4. Be2 b6 5. d4 Bb7 6. Nbd2 d6 7. 0-0 Nf6 8. Re1 0-0 9. Qc2 Qc7 10. Bf1 cxd4 11. Nxd4 Nbd7 12. N2b3 a6 13. Bg5 Rac8 14. Rad1 b5 15. Qb1 h6 16. Bh4 e5 17. Nf3 g5 18. Bg3 Nxe4 19. Rxe4 f5 20. Re2 f4 21. Red2 d5 22. h4 fxg3 23. hxg5 e4 24. Nbd4 Qb6 25. gxh6 Bxh6 26. Re2 gxf2+ 27. Kxf2 Rce8 28. Rde1 Ne5 0-1

[Event "Mar del Plata op"]
[Site "Mar del Plata"]
[Date "1992.??.??"]
[Round "3"]
[White "De las Heras, Juan Carlos"]
[Black "Bianchi, Guillermo"]
[Result "0-1"]
[WhiteElo "2325"]
[BlackElo "2430"]
[PlyCount "98"]
[EventDate "1992.??.??"]
[EventType "swiss"]
[EventRounds "9"]
[EventCountry "ARG"]
[SourceTitle "EXT 1998"]
[Source "ChessBase"]
[SourceDate "1997.11.17"]
[SourceVersion "1"]
[SourceVersionDate "1997.11.17"]
[SourceQuality "1"]

1. d4 f5 2. Nf3 e6 3. g3 Nf6 4. Bg2 Be7 5. 0-0 0-0 6. c4 d6 7. Nc3 Qe8 8. Qd3 Qh5 9. e4 e5 10. dxe5 dxe5 11. Nd5 Bd8 12. Nxf6+ Bxf6 13. exf5 Nc6 14. c5 Kh8 15. Be3 e4 16. Qxe4 Bxf5 17. Qc4 Bg4 18. Nd2 Be2 19. Qb3 Bxf1 20. Rxf1 Rab8 21. Bf3 Qe5 22. Nc4 Qf5 23. Bg2 Bd4 24. Bf4 Qxc5 25. Ne3 Be5 26. Nd5 Bxf4 27. Nxf4 Nd4 28. Qa4 c6 29. a3 Rbe8 30. b4 Qb6 31. Qd1 Ne6 32. Nh3 a5 33. bxa5 Qxa5 34. Qd7 Nc5 35. Qg4 Qxa3 36. Ng5 Qd3 37. h4 h6 38. Nh3 Qf5 39. Qb4 Rf7 40. Qc4 Nd3 41. Qc3 Rd7 42. Kh2 Re2 43. Qc4 Qe6 44. Qc3 c5 45. Bf3 Qe5 46. Qa1 Rb2 47. Qa8+ Kh7 48. Qf8 Rd4 49. Kg1 Qf6 0-1

[Event "Russian Winter op"]
[Site "Moscow"]
[Date "1991.??.??"]
[Round "?"]
[White "Ilinsky, Vladimir"]
[Black "Bianchi, Guillermo"]
[Result "1-0"]
[WhiteElo "2360"]
[BlackElo "2440"]
[PlyCount "35"]
[EventDate "1991.??.??"]
[EventType "swiss"]
[EventRounds "9"]
[EventCountry "URS"]
[SourceTitle "TD"]
[Source "ChessBase"]
[SourceDate "1994.03.01"]
[SourceVersion "1"]
[SourceVersionDate "1994.03.01"]
[SourceQuality "1"]

1. Nf3 Nf6 2. g3 d5 3. c4 c6 4. b3 g6 5. Bb2 Bg7 6. Bg2 0-0 7. 0-0 Nbd7 8. Qc1 Ne4 9. d3 Bxb2 10. Qxb2 Nef6 11. Nbd2 b6 12. e4 dxe4 13. dxe4 Bb7 14. e5 Ne8 15. e6 Nb8 16. exf7+ Rxf7 17. Ng5 Rf5 18. Bh3 1-0

[Event "Buenos Aires FMDA"]
[Site "Buenos Aires"]
[Date "1990.??.??"]
[Round "5"]
[White "Bianchi, Guillermo"]
[Black "Dienavorian Lacherian, Manuel"]
[Result "1-0"]
[WhiteElo "2415"]
[BlackElo "2285"]
[PlyCount "47"]
[EventDate "1990.??.??"]
[EventType "swiss"]
[EventRounds "9"]
[EventCountry "ARG"]
[SourceTitle "EXT 1997"]
[Source "ChessBase"]
[SourceDate "1996.11.15"]
[SourceVersion "1"]
[SourceVersionDate "1996.11.15"]
[SourceQuality "1"]

1. e4 e6 2. Nf3 d5 3. Nc3 dxe4 4. Nxe4 Be7 5. d4 Nf6 6. Bd3 Nbd7 7. Qe2 Nxe4 8. Bxe4 c5 9. 0-0 cxd4 10. Rd1 Qb6 11. Nxd4 a6 12. Be3 Qc7 13. g3 Nf6 14. Bf4 Qb6 15. Bf3 Bd7 16. c4 0-0 17. Rd3 Rac8 18. b3 Bc6 19. Bxc6 bxc6 20. Nxe6 Rfe8 21. Be3 Qa5 22. Nd4 Bc5 23. Rad1 Bxd4 24. Rxd4 1-0

[Event "Buenos Aires FEM"]
[Site "Buenos Aires"]
[Date "1990.??.??"]
[Round "7"]
[White "Bianchi, Guillermo"]
[Black "Tempone, Marcelo"]
[Result "0-1"]
[WhiteElo "2415"]
[BlackElo "2440"]
[PlyCount "70"]
[EventDate "1990.??.??"]
[EventType "tourn"]
[EventRounds "9"]
[EventCountry "ARG"]
[EventCategory "4"]
[SourceTitle "EXT 2004"]
[Source "ChessBase"]
[SourceDate "2003.11.25"]
[SourceVersion "1"]
[SourceVersionDate "2003.11.25"]
[SourceQuality "1"]

1. e4 d5 2. exd5 Qxd5 3. Nc3 Qa5 4. d4 Nf6 5. Nf3 c6 6. Bd3 Bg4 7. h3 Bh5 8. Bd2 e6 9. g4 Bg6 10. Ne4 Qc7 11. Nxf6+ gxf6 12. Qe2 Nd7 13. 0-0-0 0-0-0 14. Bc3 Nb6 15. Ba5 Rd5 16. Bd2 Be7 17. Kb1 Rhd8 18. Bxg6 hxg6 19. c4 R5d7 20. Ba5 c5 21. Rc1 Qc6 22. b4 cxb4 23. c5 Nd5 24. Bxd8 Bxd8 25. Qc4 Nc3+ 26. Rxc3 bxc3 27. Qxc3 e5 28. Re1 Ba5 29. Qxa5 Qxf3 30. dxe5 fxe5 31. c6 Qd3+ 32. Kb2 Rd5 33. cxb7+ Kxb7 34. Re3 Qd4+ 35. Qc3 Rb5+ 0-1

[Event "Buenos Aires FMDA"]
[Site "Buenos Aires"]
[Date "1990.??.??"]
[Round "2"]
[White "Fernandez Murga, Roberto"]
[Black "Bianchi, Guillermo"]
[Result "0-1"]
[WhiteElo "2255"]
[BlackElo "2415"]
[PlyCount "54"]
[EventDate "1990.??.??"]
[EventType "swiss"]
[EventRounds "9"]
[EventCountry "ARG"]
[SourceTitle "EXT 1997"]
[Source "ChessBase"]
[SourceDate "1996.11.15"]
[SourceVersion "1"]
[SourceVersionDate "1996.11.15"]
[SourceQuality "1"]

1. e4 e5 2. Nf3 Nc6 3. Bb5 Bc5 4. c3 f5 5. d3 fxe4 6. dxe4 d6 7. a4 a6 8. Bc4 Qe7 9. 0-0 Nf6 10. Nbd2 Nd8 11. b4 Ba7 12. Qe2 Ne6 13. Nb3 Rf8 14. Kh1 Ng4 15. h3 Nf6 16. g3 Bd7 17. Kh2 c6 18. Bd3 Bb6 19. Be3 Bc7 20. Ng1 g5 21. b5 a5 22. bxc6 bxc6 23. Qd2 Nf4 24. gxf4 gxf4 25. f3 fxe3 26. Qxe3 Qe6 27. Qh6 Ng4+ 0-1

[Event "Buenos Aires TB 5th"]
[Site "Buenos Aires"]
[Date "1990.??.??"]
[Round "10"]
[White "Foguelman, Alberto"]
[Black "Bianchi, Guillermo"]
[Result "0-1"]
[WhiteElo "2320"]
[BlackElo "2415"]
[PlyCount "62"]
[EventDate "1990.??.??"]
[EventType "tourn"]
[EventRounds "11"]
[EventCountry "ARG"]
[SourceTitle "EXT 2004"]
[Source "ChessBase"]
[SourceDate "2003.11.25"]
[SourceVersion "1"]
[SourceVersionDate "2003.11.25"]
[SourceQuality "1"]

1. d4 f5 2. Nf3 e6 3. g3 Nf6 4. Bg2 Be7 5. 0-0 0-0 6. c4 d6 7. Nc3 Qe8 8. Re1 Qg6 9. e4 fxe4 10. Nxe4 Nxe4 11. Rxe4 Nc6 12. Nh4 Qf7 13. Qe2 Bf6 14. Nf3 e5 15. dxe5 dxe5 16. Bg5 Bf5 17. Rxe5 Bxe5 18. Nxe5 Nxe5 19. Qxe5 c6 20. b3 a5 21. Qc5 Rfe8 22. Be3 a4 23. b4 Be4 24. b5 cxb5 25. cxb5 Bxg2 26. Kxg2 Rac8 27. Qd4 Rcd8 28. Qb6 Qd5+ 29. Kg1 Rd6 30. Qa5 Qf3 31. Qxa4 Red8 0-1